Versicherungen in den fünf neuen Bundesländern - Chancen und Risiken.
Poisťovníctvo pred a po zjednotení a nová situácia v poistení podnikov v bývalej NDR. Celkové riziká a problémy ohodnotenia majetku. Koncepcie poistenia vecí. Riziká poistenia výroby a životného prostredia. Systémová zmena v poisťovníctve bývalej NDR a potreba detailnej kalkulácie rizika.
Saved in:
| Main Author: | |
|---|---|
| Format: | Book Chapter |
| Language: | German |
| Subjects: | |
| Tags: |
No Tags, Be the first to tag this record!
|
MARC
| LEADER | 00000naa a2200000 4500 | ||
|---|---|---|---|
| 001 | r005583 | ||
| 005 | 20221130104034.1 | ||
| 041 | 0 | |a ger | |
| 044 | |a DE | ||
| 245 | 1 | 0 | |a Versicherungen in den fünf neuen Bundesländern - Chancen und Risiken. |c P.R. Wagner |
| 520 | |a Poisťovníctvo pred a po zjednotení a nová situácia v poistení podnikov v bývalej NDR. Celkové riziká a problémy ohodnotenia majetku. Koncepcie poistenia vecí. Riziká poistenia výroby a životného prostredia. Systémová zmena v poisťovníctve bývalej NDR a potreba detailnej kalkulácie rizika. | ||
| 610 | 2 | 0 | |a poisťovníctvo |
| 610 | 2 | 0 | |a Nemecko |
| 610 | 2 | 0 | |a východné Nemecko |
| 610 | 2 | 0 | |a riziko poistné |
| 610 | 2 | 0 | |a oceňovanie ekonomické |
| 610 | 2 | 0 | |a poistenie vecí |
| 610 | 2 | 0 | |a poistenie podnikov |
| 610 | 2 | 0 | |a poistenie |
| 100 | 1 | |a Wagner, P.R. | |